000 00393nam a22001457a 4500
003 OSt
008 241107b |||||||| |||| 00| 0 eng d
020 _a9788170359166
082 _a631.587
_bSHA/IR
100 _aShailendra Nath, Thakur
_91169
245 _aIrrigation and interlinking of Indian rivers /
260 _aNew Delhi :
_bDaya Publishing House,
_c2014
300 _a218
942 _cBK
999 _c14215
_d14215